| 000 | 02116cam a22004934i 4500 | ||
|---|---|---|---|
| 003 | PE-LiUPU | ||
| 005 | 20250731173507.0 | ||
| 008 | 150706s1991 miu rb 000 0 eng d | ||
| 020 | _a0802825214 | ||
| 035 | _a(Sirsi) i9780802825216 | ||
| 040 |
_aPE-LiUPU _bspa _cPE-LiUPU _erda |
||
| 049 | _aPRUA | ||
| 082 | 0 | 4 |
_a221.07 _bNICOT1991 _221 |
| 100 | 1 |
_aHamilton, Victor P., _eautor. |
|
| 245 | 1 | 4 |
_aThe Book of Genesis : _bchapters 1-17 / _cVíctor P. Hamilton. |
| 264 | 1 |
_aMichigan : _bWm. B. Eerdmans Publishing Co., _c1991. |
|
| 300 |
_a522 páginas ; _c24 centímetros. |
||
| 336 |
_atext _2rdacontent |
||
| 337 |
_aunmediated _2rdamedia |
||
| 338 |
_avolume _2rdacarrier |
||
| 490 | 0 | _aThe New International Commentary on the Old Testament | |
| 504 | _aNotas bibliográficas al pie de páginas. | ||
| 505 | 0 | _aThe creation of the world -- The garden of Eden and its firts occupants -- The temptation in the garden -- Fraternal strife -- From Adam to Noah: ten generations. Eden Genesis. | |
| 526 | _aSEG42 | ||
| 526 | _aSEG41 | ||
| 526 | _aSEG40 | ||
| 526 | _aSEG39 | ||
| 526 | _aP94 | ||
| 526 | _aP87 | ||
| 526 | _aP86 | ||
| 526 | _aP85 | ||
| 526 | _aP77 | ||
| 526 | _aP76 | ||
| 526 | _aP35 | ||
| 630 | 0 | 4 |
_aBiblia. _pA.T. _pGénesis _xComentarios. |
| 942 |
_2ddc _cBOOK |
||
| 949 |
_a221.07 NICOT 1A 1991 _wDEWEY _c1 _i37791 _d2016-6-20 _e2016-6-19 _lCCODEBUL1 _mBUL _n3 _r0 _sY _tBOOK _u2015-7-6 _xTEOLOGIA _zUNKNOWN _0COMPRA _o.STAFF. Colección General |
||
| 949 |
_a221.07 NICOT 1A _wDEWEY _c1 _i40510 _lCCODEBUL1 _mBUL _r0 _sY _tBOOK _u2015-6-16 _xTEOLOGIA _zUNKNOWN _0COMPRA _o.STAFF. Colección General |
||
| 994 |
_aC0 _bPEPRU |
||
| 596 | _a1 | ||
| 999 |
_a221.07 NICOT 1A _wDEWEY _c58301 _i40510 _d58301 _f2021-11-11 _g5 _lCCODEBUL1 _mBUL _q3 _r0 _sY _tBOOK _u2015-6-16 _xTEOLOGIA _zUNKNOWN _0COMPRA _o.STAFF. Colección General |
||
| 999 |
_a221.07 NICOT 1A 1991 _wDEWEY _c1 _i37791 _d2019-4-25 _e2016-6-19 _f2021-11-11 _g5 _lCCODEBUL1 _mBUL _n3 _p50.00 _q5 _r0 _sY _tBOOK _u2015-7-6 _xTEOLOGIA _zUNKNOWN _0COMPRA _o.STAFF. Colección Teología |
||
| 980 |
_81 _gALBERTO SANCHEZ Responsable de Automatización |
||